[Event "COL-chC"]
[Site "Bogota"]
[Date "2019.09.01"]
[Round "7"]
[White "Lopez Idarraga, Daniel Eduardo"]
[Black "Rodriguez, Elkin Fabian"]
[Result "1-0"]
[WhiteElo "1975"]
[BlackElo "1949"]
[PlyCount "65"]
[EventDate "2019.08.28"]
[EventType "swiss"]
[EventRounds "7"]
[EventCountry "COL"]
[SourceTitle "EXT 2020"]
[Source "ChessBase"]
[SourceDate "2019.10.17"]
[SourceVersion "1"]
[SourceVersionDate "2019.10.17"]
[SourceQuality "1"]

1. d4 d5 2. c4 Nf6 3. cxd5 Qxd5 4. Nc3 Qa5 5. Nf3 e6 6. g3 Bb4 7. Bd2 Nd5 8. Qb3 Qb6 9. Nxd5 Bxd2+ 10. Nxd2 exd5 11. Qxd5 Be6 12. Qe4 0-0 13. Bg2 c6 14. 0-0 Qxb2 15. Nf3 Bd5 16. Qd3 Re8 17. Rfb1 Qxe2 18. Re1 Bxf3 19. Rxe2 Bxe2 20. Re1 Nd7 21. Rxe2 Red8 22. Bh3 Nf6 23. Re7 b6 24. Bg2 Rac8 25. Rxa7 c5 26. Qc4 Rf8 27. dxc5 Rxc5 28. Qf4 h6 29. h3 Rd8 30. Bf3 Rc2 31. a4 Rdd2 32. Ra8+ Kh7 33. Qf5+ 1-0

[Event "Bogota Univ Central op-B 5th"]
[Site "Bogota"]
[Date "2011.10.14"]
[Round "2.2"]
[White "Rodriguez, Elkin Fabian"]
[Black "Cotes Ontibon, Juan Sebastian"]
[Result "1-0"]
[WhiteElo "1600"]
[BlackElo "2017"]
[PlyCount "77"]
[EventDate "2011.10.13"]
[EventType "swiss"]
[EventRounds "9"]
[EventCountry "COL"]
[SourceTitle "EXT 2024"]
[Source "ChessBase"]
[SourceDate "2023.10.10"]
[SourceVersion "1"]
[SourceVersionDate "2023.10.10"]
[SourceQuality "1"]

1. d4 Nf6 2. c4 d6 3. Nc3 g6 4. Bf4 Bg7 5. e3 0-0 6. Nf3 Bf5 7. Bd3 Bd7 8. 0-0 c5 9. d5 e6 10. Bxd6 Re8 11. Bxc5 b6 12. Bd4 Qc7 13. Be5 Qb7 14. Bxf6 Bxf6 15. e4 Na6 16. e5 Bg7 17. d6 Nc5 18. b4 Nxd3 19. Qxd3 a6 20. Rab1 b5 21. c5 Rec8 22. Rfe1 a5 23. Nd4 axb4 24. Rxb4 Ra3 25. Rb3 Ra5 26. Ndxb5 Bxb5 27. Rxb5 Rxb5 28. Qxb5 Qa7 29. c6 Qa8 30. Qb7 Qxb7 31. cxb7 Rb8 32. d7 f6 33. Rd1 Rd8 34. b8Q Rxb8 35. d8Q+ Rxd8 36. Rxd8+ Kf7 37. Rd7+ Kg8 38. Rxg7+ Kxg7 39. a4 1-0